[Event "Mittelfranken-chTB1 1112"]
[Site "Germany"]
[Date "2012.02.26"]
[Round "7.7"]
[White "Wissmeier, Bernd"]
[Black "Madlo Thiess, Franziska"]
[Result "1/2-1/2"]
[WhiteElo "1899"]
[BlackElo "1827"]
[PlyCount "114"]
[EventDate "2011.09.25"]
[EventType "team-tourn"]
[EventRounds "9"]
[EventCountry "GER"]
[SourceTitle "EXT 2018"]
[Source "ChessBase"]
[SourceDate "2017.10.13"]
[SourceVersion "1"]
[SourceVersionDate "2017.10.13"]
[SourceQuality "1"]
[WhiteTeam "Nuernberg SK 1911"]
[BlackTeam "Erlangen SC II"]
[WhiteTeamCountry "GER"]
[BlackTeamCountry "GER"]

1. e4 e6 2. d3 d5 3. Nd2 b6 4. f4 Nf6 5. e5 Nfd7 6. Ngf3 Bb7 7. g3 d4 8. Bg2 Be7 9. Qe2 Nc5 10. 0-0 Nba6 11. a3 0-0 12. Qf2 Na4 13. Nxd4 Bxg2 14. Kxg2 Qd5+ 15. N4f3 Rfd8 16. Ne4 N4c5 17. Nxc5 Nxc5 18. Be3 Na4 19. b3 Nc5 20. b4 Nb7 21. Kh3 a5 22. Bd2 Rd7 23. g4 Nd8 24. bxa5 bxa5 25. Ng1 Nc6 26. Be3 Rdd8 27. Qf3 Rab8 28. Qxd5 Rxd5 29. Nf3 Rdb5 30. Nd4 Nxd4 31. Bxd4 Bc5 32. Bc3 h6 33. d4 Be7 34. a4 Rd5 35. Rab1 Bb4 36. Ba1 Rbd8 37. c3 Be7 38. Rb7 R5d7 39. Ra7 c5 40. Rxa5 cxd4 41. cxd4 Rb8 42. Rb5 Ra8 43. a5 Bd8 44. Bc3 Rc7 45. Bb4 Rc4 46. Rd1 Kh7 47. Kg3 Rc2 48. d5 exd5 49. Rbxd5 Rb8 50. R5d4 Rb2 51. Be1 Be7 52. h4 Ra2 53. f5 Rb3+ 54. R4d3 Rb5 55. Rd5 Rb3+ 56. R5d3 Rb5 57. Rd5 Rb3+ 1/2-1/2

[Event "Mittelfranken-chTB1 1112"]
[Site "Germany"]
[Date "2012.01.15"]
[Round "5.6"]
[White "Madlo Thiess, Franziska"]
[Black "Hoffmann, Ayar"]
[Result "1-0"]
[WhiteElo "1795"]
[BlackElo "1845"]
[PlyCount "39"]
[EventDate "2011.09.25"]
[EventType "team-tourn"]
[EventRounds "9"]
[EventCountry "GER"]
[SourceTitle "EXT 2013"]
[Source "ChessBase"]
[SourceDate "2012.11.22"]
[SourceVersion "1"]
[SourceVersionDate "2012.11.22"]
[SourceQuality "1"]
[WhiteTeam "Erlangen SC II"]
[BlackTeam "Heng Postbauer"]
[WhiteTeamCountry "GER"]
[BlackTeamCountry "GER"]

1. Nf3 c5 2. e4 d6 3. g3 g6 4. Bg2 Bg7 5. 0-0 Nc6 6. c3 e5 7. d3 Nge7 8. Bg5 f6 9. Be3 Be6 10. Nbd2 0-0 11. d4 cxd4 12. cxd4 exd4 13. Nxd4 Nxd4 14. Bxd4 d5 15. Re1 Nc6 16. Bc5 Rf7 17. Nb3 Rd7 18. exd5 Bxd5 19. Bh3 Be6 20. Bxe6+ 1-0

[Event "Mittelfranken-chTB1 1112"]
[Site "Germany"]
[Date "2011.12.11"]
[Round "4.5"]
[White "Madlo Thiess, Franziska"]
[Black "Kirch, Dietmar"]
[Result "0-1"]
[WhiteElo "1795"]
[BlackElo "2013"]
[PlyCount "80"]
[EventDate "2011.09.25"]
[EventType "team-tourn"]
[EventRounds "9"]
[EventCountry "GER"]
[SourceTitle "EXT 2013"]
[Source "ChessBase"]
[SourceDate "2012.11.22"]
[SourceVersion "1"]
[SourceVersionDate "2012.11.22"]
[SourceQuality "1"]
[WhiteTeam "Erlangen SC II"]
[BlackTeam "Buechenbach/Roth"]
[WhiteTeamCountry "GER"]
[BlackTeamCountry "GER"]

1. Nf3 Nf6 2. g3 c5 3. Bg2 g6 4. 0-0 Bg7 5. c4 0-0 6. Nc3 Nc6 7. d3 d5 8. cxd5 Nxd5 9. Nxd5 Qxd5 10. Nd2 Qe6 11. Ne4 b6 12. Ng5 Qd7 13. Qa4 Bb7 14. Qh4 h6 15. Ne4 Nd4 16. Bxh6 Nf5 17. Bh3 Qc6 18. Bxf5 gxf5 19. Bxg7 Kxg7 20. Qg5+ Qg6 21. Qxg6+ Kxg6 22. Nd2 Rh8 23. h4 f4 24. Ne4 Kf5 25. Ng5 f6 26. Nh3 e5 27. Kh2 Rag8 28. Rg1 Rg4 29. e3 fxe3 30. fxe3 Ke6 31. Nf2 Rb4 32. b3 f5 33. Rad1 a5 34. Nh3 a4 35. Ng5+ Kf6 36. bxa4 Rxa4 37. Rd2 Rha8 38. Rb1 R8a6 39. Rbb2 Bd5 40. h5 Kxg5 0-1

[Event "Mittelfranken-chTB2a 1011"]
[Site "Germany"]
[Date "2011.01.23"]
[Round "5.3"]
[White "Jagla, Michael"]
[Black "Madlo Thiess, Franziska"]
[Result "0-1"]
[WhiteElo "1882"]
[BlackElo "1836"]
[PlyCount "44"]
[EventDate "2010.09.26"]
[EventType "team-tourn"]
[EventRounds "9"]
[EventCountry "GER"]
[SourceTitle "EXT 2012"]
[Source "ChessBase"]
[SourceDate "2011.11.24"]
[SourceVersion "1"]
[SourceVersionDate "2011.11.24"]
[SourceQuality "1"]
[WhiteTeam "Wilhermsdorf/Langenzenn"]
[BlackTeam "Erlangen 44/88 II"]
[WhiteTeamCountry "GER"]
[BlackTeamCountry "GER"]

1. c4 c6 2. Nc3 Nf6 3. d3 d5 4. Bg5 e6 5. Nf3 Be7 6. g3 0-0 7. Bg2 Nbd7 8. Qc2 h6 9. Bd2 b6 10. a3 a5 11. Nd4 Bb7 12. 0-0 Re8 13. Na4 c5 14. Nb5 Bc6 15. Nac3 Qc8 16. cxd5 exd5 17. Bf4 d4 18. Bxc6 Qxc6 19. Nc7 dxc3 20. bxc3 Nd5 21. Nxa8 Nxf4 22. Nxb6 Nh3# 0-1

[Event "Mittelfranken-chTB2a 1011"]
[Site "Germany"]
[Date "2010.11.21"]
[Round "3.2"]
[White "Koschka, Robert"]
[Black "Madlo Thiess, Franziska"]
[Result "0-1"]
[WhiteElo "1844"]
[BlackElo "1836"]
[PlyCount "84"]
[EventDate "2010.09.26"]
[EventType "team-tourn"]
[EventRounds "9"]
[EventCountry "GER"]
[SourceTitle "EXT 2012"]
[Source "ChessBase"]
[SourceDate "2011.11.24"]
[SourceVersion "1"]
[SourceVersionDate "2011.11.24"]
[SourceQuality "1"]
[WhiteTeam "Fuerth II"]
[BlackTeam "Erlangen 44/88 II"]
[WhiteTeamCountry "GER"]
[BlackTeamCountry "GER"]

1. e4 e6 2. Nc3 d5 3. Nf3 Nf6 4. e5 Nfd7 5. d4 c5 6. Ne2 Nc6 7. c3 Qb6 8. g3 Be7 9. Bh3 Qc7 10. 0-0 b6 11. Be3 Ba6 12. Re1 Rc8 13. a3 Na5 14. b3 cxd4 15. cxd4 Qc2 16. Nd2 0-0 17. Nf4 Rfd8 18. Qf3 Nf8 19. Reb1 Rc3 20. b4 Nc6 21. Qd1 Nxe5 22. dxe5 d4 23. Qxc2 Rxc2 24. Nf1 Bxf1 25. Bxf1 dxe3 26. fxe3 Rdd2 27. h4 Nd7 28. Nd3 g5 29. h5 g4 30. Rc1 Bg5 31. Re1 f6 32. e4 fxe5 33. Rad1 Rxd1 34. Rxd1 Be3+ 35. Kh1 Nf6 36. Nxe5 Nxe4 37. Rd8+ Kg7 38. Rd7+ Kf8 39. Rd8+ Ke7 40. Rd7+ Ke8 41. Bg2 Nxg3+ 42. Kh2 Bf4 0-1

[Event "Nuremberg LGA Cup 7th"]
[Site "Nuremberg"]
[Date "2010.09.04"]
[Round "4"]
[White "Madlo Thiess, Franziska"]
[Black "Osmanovic, Faruk"]
[Result "0-1"]
[WhiteElo "1906"]
[BlackElo "2118"]
[PlyCount "82"]
[EventDate "2010.09.02"]
[EventType "swiss"]
[EventRounds "7"]
[EventCountry "GER"]
[SourceTitle "CBM 138 Extra"]
[Source "ChessBase"]
[SourceDate "2010.10.29"]
[SourceVersion "1"]
[SourceVersionDate "2010.10.29"]
[SourceQuality "1"]

1. Nf3 e6 2. g3 b6 3. Bg2 Bb7 4. 0-0 Nf6 5. c4 Be7 6. d4 0-0 7. Nc3 Ne4 8. Nxe4 Bxe4 9. Bf4 d6 10. b4 Nd7 11. b5 Bf6 12. Rc1 Qe7 13. Bd2 a6 14. a4 Ra7 15. Bb4 Rc8 16. e3 axb5 17. axb5 Rca8 18. Nd2 Bxg2 19. Kxg2 Qf8 20. Ne4 Be7 21. h4 Ra4 22. Qb3 Rxb4 23. Qxb4 d5 24. Qb1 dxe4 25. Qxe4 Ra4 26. Qc6 Qa8 27. Qxa8+ Rxa8 28. Ra1 Rc8 29. Ra7 Bb4 30. Rc1 Kf8 31. Kf3 Ke8 32. Ra4 Bd6 33. e4 e5 34. dxe5 Nxe5+ 35. Ke2 f6 36. f4 Nd7 37. Kf3 Kf7 38. Ra2 Nc5 39. Re2 Ra8 40. Rc3 h5 41. g4 Ne6 0-1

[Event "Mittelfranken-chTB2a 0910"]
[Site "Mittelfranken"]
[Date "2010.04.18"]
[Round "9.2"]
[White "Madlo Thiess, Franziska"]
[Black "Walter, Eugen"]
[Result "0-1"]
[WhiteElo "1888"]
[BlackElo "1898"]
[PlyCount "173"]
[EventDate "2009.10.11"]
[EventType "team-tourn"]
[EventRounds "9"]
[EventCountry "GER"]
[SourceTitle "EXT 2011"]
[Source "ChessBase"]
[SourceDate "2010.11.26"]
[SourceVersion "1"]
[SourceVersionDate "2010.11.26"]
[SourceQuality "1"]
[WhiteTeam "Erlangen SC II"]
[BlackTeam "Forchheim III"]
[WhiteTeamCountry "GER"]
[BlackTeamCountry "GER"]

1. b3 f5 2. Bb2 Nf6 3. f4 d6 4. Nf3 e6 5. g3 Be7 6. Bg2 0-0 7. 0-0 c5 8. e3 Nc6 9. Qe2 Qc7 10. d4 b6 11. c4 Ne4 12. Nc3 Nxc3 13. Bxc3 Bb7 14. Rad1 Bf6 15. Qd3 Be7 16. d5 exd5 17. Qxd5+ Kh8 18. Ng5 Nd8 19. Qd2 Bxg2 20. Qxg2 Bxg5 21. fxg5 Nf7 22. Rxf5 Qe7 23. h4 Qxe3+ 24. Kh1 Rae8 25. Rxf7 Rxf7 26. Re1 Qxe1+ 27. Bxe1 Rxe1+ 28. Kh2 Rf8 29. h5 Re5 30. Qd2 Rd8 31. Kh3 Kg8 32. Qf4 Rf8 33. Qd2 Rd8 34. Kh4 d5 35. h6 Re4+ 36. Kh3 d4 37. hxg7 Kxg7 38. Qf2 Rf8 39. Qg2 Re3 40. Qc6 Rff3 41. Kh4 Rf2 42. Qd7+ Rf7 43. Qd6 Re2 44. b4 Re4+ 45. Kh5 cxb4 46. Qh6+ Kg8 47. Qc6 Rfe7 48. Qd5+ Kg7 49. Qd6 R4e5 50. Qxd4 h6 51. Kg4 hxg5 52. Kh5 Kf6 53. Qd6+ Kg7 54. Qd4 Kh7 55. Qd3+ Kg8 56. Qg6+ Kh8 57. Qf6+ Kg8 58. Qg6+ Kf8 59. Qf6+ Ke8 60. Qc6+ Rd7 61. Qg6+ Kd8 62. Qf6+ Ree7 63. Qf8+ Kc7 64. Qf6 Rg7 65. Qe5+ Kb7 66. Qe4+ Ka6 67. Qe5 g4 68. Qb5+ Kb7 69. Qxb4 Rc7 70. Qb2 Rc5+ 71. Kh6 Rgc7 72. Qg2+ Ka6 73. Qe2 Rxc4 74. Kg5 R7c5+ 75. Kg6 Ka5 76. Qd2+ Ka4 77. Qd7+ Kb4 78. Qxa7 b5 79. a3+ Kb3 80. Qe7 Kxa3 81. Qe3+ Rc3 82. Qe1 b4 83. Qa1+ Kb3 84. Qb1+ Kc4 85. Qf1+ Kd5 86. Qd1+ Kc6 87. Qxg4 0-1

[Event "Mittelfranken-chTB2a 0910"]
[Site "Mittelfranken"]
[Date "2010.01.10"]
[Round "5.2"]
[White "Friedrich, Heinrich"]
[Black "Madlo Thiess, Franziska"]
[Result "1/2-1/2"]
[WhiteElo "1901"]
[BlackElo "1887"]
[PlyCount "84"]
[EventDate "2009.10.11"]
[EventType "team-tourn"]
[EventRounds "9"]
[EventCountry "GER"]
[SourceTitle "EXT 2011"]
[Source "ChessBase"]
[SourceDate "2010.11.26"]
[SourceVersion "1"]
[SourceVersionDate "2010.11.26"]
[SourceQuality "1"]
[WhiteTeam "Kirchehrenbach"]
[BlackTeam "Erlangen SC II"]
[WhiteTeamCountry "GER"]
[BlackTeamCountry "GER"]

1. e4 e6 2. Nf3 d5 3. exd5 exd5 4. d4 Bg4 5. c4 c6 6. cxd5 Qxd5 7. Nc3 Bb4 8. Bd2 Bxc3 9. Bxc3 Bxf3 10. gxf3 Nf6 11. Rg1 g6 12. Qd2 Nbd7 13. 0-0-0 0-0-0 14. Rg5 Qd6 15. Ra5 Kb8 16. Bb4 Qc7 17. Qg5 Nd5 18. Bd2 f5 19. Kb1 N7b6 20. Qg3 f4 21. Qg5 Rhf8 22. Bd3 Rde8 23. Rc1 Qg7 24. Bc3 Re6 25. Qg1 Rfe8 26. Be4 Nxc3+ 27. bxc3 Nc4 28. Ra4 Nd2+ 29. Ka1 Nxe4 30. fxe4 Rxe4 31. Qd1 Re2 32. Rb1 c5 33. Qb3 cxd4 34. Rxd4 Rc8 35. Rb4 Rc7 36. Rd4 Qh8 37. Rbd1 Rc8 38. Kb1 b6 39. Qf7 Qe8 40. Qxf4+ Ka8 41. Rd7 h5 42. Qf3+ Qe4+ 1/2-1/2

[Event "Mittelfranken-ch HT 58th"]
[Site "Postbauer"]
[Date "2009.04.07"]
[Round "2.13"]
[White "Madlo Thiess, Franziska"]
[Black "Varga, Gabriel Vlad"]
[Result "0-1"]
[WhiteElo "1884"]
[BlackElo "1913"]
[PlyCount "108"]
[EventDate "2009.04.07"]
[EventType "swiss"]
[EventRounds "9"]
[EventCountry "GER"]
[SourceTitle "EXT 2011"]
[Source "ChessBase"]
[SourceDate "2010.11.26"]
[SourceVersion "1"]
[SourceVersionDate "2010.11.26"]
[SourceQuality "1"]

1. e4 c5 2. Nf3 e6 3. d3 d5 4. Nbd2 Nc6 5. g3 Nf6 6. Bg2 g6 7. 0-0 Bg7 8. c3 0-0 9. Re1 Nd7 10. Nf1 d4 11. c4 e5 12. h3 Ne7 13. Nh4 Nb8 14. f4 exf4 15. gxf4 Nbc6 16. Ng3 Kh8 17. Bd2 Be6 18. Qe2 Qc7 19. Qf2 a5 20. f5 Be5 21. Ne2 Bd7 22. Bh6 f6 23. Bxf8 Rxf8 24. fxg6 hxg6 25. Nf3 Bd6 26. Rf1 Kg7 27. Ng5 Ng8 28. Nf3 Nge7 29. h4 Ne5 30. Nxe5 Bxe5 31. Qf3 f5 32. Rae1 Bh2+ 33. Kh1 Be5 34. exf5 Be6 35. Qh3 Nxf5 36. h5 Rh8 37. Rxf5 Bd7 38. Qf3 Bxf5 39. Qxb7 Rxh5+ 40. Kg1 Qxb7 41. Bxb7 Bxd3 42. b3 Bf6 43. Nf4 Rg5+ 44. Kh1 Bf5 45. Rg1 Rxg1+ 46. Kxg1 g5 47. Nh5+ Kg6 48. Ng3 Bb1 49. Bf3 Bxa2 50. Bh5+ Kh6 51. Bd1 Bb1 52. Kg2 Be5 53. Nh1 d3 54. Nf2 Bd4 0-1

[Event "Mittelfranken-ch HT 58th"]
[Site "Postbauer"]
[Date "2009.04.07"]
[Round "1.9"]
[White "Walter, Thomas"]
[Black "Madlo Thiess, Franziska"]
[Result "1-0"]
[WhiteElo "2096"]
[BlackElo "1884"]
[PlyCount "75"]
[EventDate "2009.04.07"]
[EventType "swiss"]
[EventRounds "9"]
[EventCountry "GER"]
[SourceTitle "EXT 2011"]
[Source "ChessBase"]
[SourceDate "2010.11.26"]
[SourceVersion "1"]
[SourceVersionDate "2010.11.26"]
[SourceQuality "1"]

1. e4 e6 2. b3 d5 3. Bb2 c5 4. Bb5+ Bd7 5. Qe2 Bxb5 6. Qxb5+ Qd7 7. Qe2 d4 8. f4 Nc6 9. Nf3 0-0-0 10. d3 Nf6 11. a4 h5 12. Na3 g6 13. Nc4 Bh6 14. Bc1 Qc7 15. g3 Nd7 16. e5 Bf8 17. Ng5 Nb6 18. 0-0 Nxc4 19. bxc4 a5 20. Bd2 Nb4 21. Rfb1 Rd7 22. Rb2 Qc6 23. Qe4 Bg7 24. Qxc6+ bxc6 25. Ne4 Bf8 26. Be1 Kb7 27. Bf2 Kb6 28. Kf1 Be7 29. Ke2 Rhd8 30. Kd2 Ka6 31. h3 Rb7 32. Rh1 Ka7 33. Ke2 Rdd7 34. Be1 Bf8 35. g4 Ka6 36. gxh5 gxh5 37. Nf6 Nxd3 38. Kxd3 1-0

[Event "Mittelfranken-chTB2a 0809"]
[Site "Mittelfranken"]
[Date "2009.01.11"]
[Round "4.7"]
[White "Radeck, Jochen"]
[Black "Madlo Thiess, Franziska"]
[Result "1-0"]
[WhiteElo "1848"]
[BlackElo "1880"]
[PlyCount "79"]
[EventDate "2008.10.12"]
[EventType "team"]
[EventRounds "9"]
[EventCountry "GER"]
[SourceTitle "EXT 2011"]
[Source "ChessBase"]
[SourceDate "2010.11.26"]
[SourceVersion "1"]
[SourceVersionDate "2010.11.26"]
[SourceQuality "1"]
[WhiteTeam "Forchheim III"]
[BlackTeam "Erlangen SC II"]
[WhiteTeamCountry "GER"]
[BlackTeamCountry "GER"]

1. e4 c5 2. Nc3 d6 3. f4 g6 4. Nf3 Bg7 5. g3 e6 6. Bg2 Ne7 7. 0-0 0-0 8. d3 a6 9. a4 b6 10. Be3 Bb7 11. Qd2 d5 12. exd5 exd5 13. d4 Nd7 14. Bf2 Qc7 15. Rad1 Rad8 16. Rfe1 Rfe8 17. Re2 c4 18. Rde1 Kf8 19. g4 Nc8 20. Ne5 f6 21. Nf3 Nd6 22. Nh4 Rxe2 23. Rxe2 b5 24. Nxd5 Bxd5 25. Bxd5 Nb6 26. Be6 Nxa4 27. c3 Nb6 28. f5 gxf5 29. gxf5 Nf7 30. Bg3 Qb7 31. Qf4 Ne5 32. Qf1 Nd5 33. Qg2 a5 34. Kf2 b4 35. cxb4 axb4 36. Nf3 Qb6 37. Ke1 Nxf3+ 38. Qxf3 Qxd4 39. Bf2 Qd3 40. Bc5+ 1-0

[Event "Mittelfranken-chTB2a 0809"]
[Site "Mittelfranken"]
[Date "2008.10.26"]
[Round "2.7"]
[White "Freydman, Semen"]
[Black "Madlo Thiess, Franziska"]
[Result "0-1"]
[WhiteElo "1704"]
[BlackElo "1856"]
[PlyCount "80"]
[EventDate "2008.10.12"]
[EventType "team"]
[EventRounds "9"]
[EventCountry "GER"]
[SourceTitle "EXT 2011"]
[Source "ChessBase"]
[SourceDate "2010.11.26"]
[SourceVersion "1"]
[SourceVersionDate "2010.11.26"]
[SourceQuality "1"]
[WhiteTeam "Erlangen Siemens"]
[BlackTeam "Erlangen SC II"]
[WhiteTeamCountry "GER"]
[BlackTeamCountry "GER"]

1. e4 c5 2. Nf3 d6 3. Bc4 e6 4. 0-0 Nf6 5. Re1 Be7 6. d3 a6 7. c3 Qc7 8. a4 b6 9. Bf4 Nbd7 10. e5 dxe5 11. Bxe5 Nxe5 12. Nxe5 Bd6 13. Nf3 0-0 14. h3 Bb7 15. Nbd2 Rad8 16. Qe2 Nd5 17. Bxd5 Bxd5 18. Ne4 Bf4 19. d4 cxd4 20. Nxd4 Qb7 21. f3 e5 22. Nf5 Bxe4 23. Qxe4 Qxe4 24. Ne7+ Kh8 25. fxe4 Rd2 26. Rab1 g6 27. Kf1 Bg5 28. Nd5 f5 29. Red1 fxe4+ 30. Kg1 e3 31. Rxd2 exd2 32. c4 e4 33. Nc3 Be3+ 34. Kh1 Rd8 35. Rd1 Rd4 36. b3 Bf2 37. g4 e3 38. Kg2 Rd3 39. Ne2 Rxb3 40. Kf3 Rb4 0-1